000 00808nam a22002057a 4500
005 20240527105046.0
010 _aHIN-127629
020 _a9789390923861
_c400.00
035 _aHN-99975
037 _bDBAD
082 _a821
100 _aपोखरियाल, रमेश
_966885
245 _aएम्स में एक जंग लड़ते हुए /
_cरमेश पोखरियाल
250 _a1
260 _aनई दिल्ली
_bप्रभात प्रकाशन प्रा. लिं.
_c2021
270 _a4/19 आसफ अली रोड ,
_bनई दिल्ली
_e110002
300 _a184पृ.
_c22 सेमी. (सजिल्द)
650 _aहिन्दी
_966886
942 _2ddc
_cHN
_h821
_mपोखरि
999 _c202989
_d202989